000
00431nam a2200181Ia 4500
008
090123s9999 xx 000 0 und d
082
_b
3718
100
_a
वाणी
245
_a
तवरिन कुडी
250
_a
1
260
_c
1974
300
_a
184
600
_a
वाणी
630
_a
तवरिन कुडी
700
_a
वाणी
730
_a
तवरिन कुडी
942
_c
BOOK
999
_c
41797
_d
41797